Vald - Ma meilleure amie - Statistiques

Statistiques générales
  • Ce quiz a été pris 353 fois
  • Le résultat moyen est 166 sur 248
Statistiques - réponses
Hint Réponse % Correct
Refrain 1 ma
100%
Couplet unique | Refrain 2 Ma
100%
à
99%
a
99%
amie
99%
amie,
99%
me
99%
meilleure
98%
la
97%
autre
95%
autrement
94%
vie
94%
voir
94%
Quand
91%
quand
91%
on,
88%
on
88%
de
85%
De
85%
le
85%
Le
85%
m'fait
85%
même
84%
Même
84%
une
84%
langue
83%
j'parle
78%
Je
77%
je
77%
en
76%
dit
73%
"Pas
73%
pas
73%
fait
72%
Merde,
70%
lentement
69%
amoureux
67%
elle,
67%
elle
67%
Elle
67%
j'la
67%
Plus
67%
plus
67%
plus,
67%
vois,
67%
vois
67%
j'tombe
65%
Mais,
65%
Mais
65%
Et
64%
et
64%
Et,
64%
ça
63%
Ça
63%
dans
63%
Dans
63%
j'suis
63%
nous"
62%
pris
62%
avait
61%
entre
61%
mon
61%
d'ça
59%
que
57%
tremblements
57%
flou
55%
d'arrêter
54%
j'ai
53%
Avec
52%
avec
52%
mes
51%
Si
51%
parle
50%
son
49%
Son
49%
tout
49%
sans
47%
potes
46%
c'est
45%
l'ai
45%
l'tour
45%
Sauf
45%
Terre
44%
comme
43%
l'adore
43%
peau,
42%
les
41%
pièce
41%
sens
41%
moi
40%
parce
40%
odeur
39%
porte
39%
retour
39%
Car
38%
des
38%
j'peux
38%
sera
38%
encore,
37%
encore
37%
l'monde
36%
franchement
35%
m'exprimer
35%
du
34%
mal,
34%
parfum
34%
provoque
34%
étranglements
33%
j'lui
33%
tous
33%
amis
32%
avoue,
32%
étrangement
32%
depuis
31%
soirs
31%
noir,
30%
pour
30%
chien
29%
demande
29%
n'sors
29%
d'accord
28%
matin,
28%
pores
28%
raison,
28%
mettre
27%
yeux
27%
collés,
26%
tort
26%
d'effort
25%
jamais
25%
tête,
25%
espoir,
24%
suinte
24%
forcé
22%
monnaie,
22%
d'admettre
21%
J'fais
21%
j'perdrais
2%
Aucun quiz correspondant
Distribution des résultats
% des personnes avec chaque résultat
Percentile par nombre de réponses
Votre historique - résultats
Vous n’avez pas pris ce quiz